Trainer Manual: Track 3, Course 1-3 (Record no. 9616)
[ view plain ]
| 000 -LEADER | |
|---|---|
| fixed length control field | 00281nam a22000977a 4500 |
| 008 - FIXED-LENGTH DATA ELEMENTS--GENERAL INFORMATION | |
| fixed length control field | 230726b |||||||| |||| 00| 0 eng d |
| 082 ## - DEWEY DECIMAL CLASSIFICATION NUMBER | |
| Classification number | 333.95 |
| 245 ## - TITLE STATEMENT | |
| Title | Trainer Manual: Track 3, Course 1-3 |
| Remainder of title | School-based prevention intervention and policies |
| 300 ## - PHYSICAL DESCRIPTION | |
| Extent | 95 p. |
| Dimensions | 28 cm |
| 942 ## - Added entry Elements (Koha) | |
| Source of classification or shelving scheme | Dewey Decimal Classification |
| Withdrawn status | Lost status | Source of classification or shelving scheme | Damaged status | Not for loan | Collection code | Home library | Current library | Shelving location | Date acquired | Serial Enumeration / chronology | Total Checkouts | Full call number | Barcode | Date last seen | Price effective from | Koha item type |
|---|---|---|---|---|---|---|---|---|---|---|---|---|---|---|---|---|
| Dewey Decimal Classification | Main TEST | RTC Library | RTC Library | Main opac | 26/07/2023 | 177564 | 333.95 DAP | 30018411 | 26/07/2023 | 26/07/2023 | Main |